书目信息 |
| 题名: |
西晋风云
|
|
| 作者: | 孙峰 著 | |
| 分册: | 卷二 | |
| 出版信息: | 北京 中国文史出版社 2019 |
|
| 页数: | 338页 | |
| 开本: | 24cm | |
| 丛书名: | ||
| 单 册: | ||
| 中图分类: | K237.209 , K237.109 | |
| 科图分类: | ||
| 主题词: | 古代史--gu dai shi--中国--西晋时代--通俗读物 | |
| 电子资源: | ||
| ISBN: | 978-7-5205-1064-6 | |
| 000 | 01232nam0 2200265 450 | |
| 001 | 2159237730 | |
| 005 | 20210930164428.62 | |
| 010 | @a978-7-5205-1064-6@dCNY59.50 | |
| 100 | @a20190709d2019 em y0chiy50 ea | |
| 101 | 0 | @achi |
| 102 | @aCN@b110000 | |
| 105 | @ay z 000yy | |
| 106 | @ar | |
| 200 | 1 | @a西晋风云@Axi jin feng yun@h卷二@f孙峰著 |
| 210 | @a北京@c中国文史出版社@d2019 | |
| 215 | @a338页@d24cm | |
| 300 | @a认认真真讲历史 | |
| 314 | @a孙峰,河南南阳人,天涯人气作家。 | |
| 330 | @a本书是系列丛书《认认真真讲历史》之一,是西晋部分第二卷。本丛书是一系列讲历史读物,目前收编南北朝卷六册、三国卷两卷、隋唐卷九册、东晋卷五册、西晋卷三册、五代十国卷两册,全面、客观记录南北朝、三国和隋唐、两晋和五代十国的历史。西晋部分共三卷,从西晋王朝的最初奠基人司马懿写起,详细描述了司马懿司马师、司马昭父子三人在曹操时代、曹丕时代、曹芳时代、曹髦时代、曹奂时代逐渐夺权的过程,并最终夺取了曹魏政权,由司马炎建立了西晋王朝。详细地描写了诸葛亮的五次北伐,司马懿平定辽东,直至司马懿发动的高平陵之变,司 | |
| 606 | 0 | @a古代史@Agu dai shi@y中国@z西晋时代@j通俗读物 |
| 690 | @aK237.209@v5 | |
| 690 | @aK237.109@v3 | |
| 701 | 0 | @a孙峰@Asun feng@4著 |
| 801 | 0 | @aCN@b百万庄@c20210925 |
| 905 | @b1298828-831@dK237.109@e139:2@f4 | |
| 西晋风云.卷二/孙峰著.-北京:中国文史出版社,2019 |
| 338页;24cm |
| 认认真真讲历史 |
| ISBN 978-7-5205-1064-6:CNY59.50 |
| 本书是系列丛书《认认真真讲历史》之一,是西晋部分第二卷。本丛书是一系列讲历史读物,目前收编南北朝卷六册、三国卷两卷、隋唐卷九册、东晋卷五册、西晋卷三册、五代十国卷两册,全面、客观记录南北朝、三国和隋唐、两晋和五代十国的历史。西晋部分共三卷,从西晋王朝的最初奠基人司马懿写起,详细描述了司马懿司马师、司马昭父子三人在曹操时代、曹丕时代、曹芳时代、曹髦时代、曹奂时代逐渐夺权的过程,并最终夺取了曹魏政权,由司马炎建立了西晋王朝。详细地描写了诸葛亮的五次北伐,司马懿平定辽东,直至司马懿发动的高平陵之变,司 |
| ● |
| 相关链接 |
|
|
|
|
正题名:西晋风云
索取号:K237.109/139:2
 
预约/预借
| 序号 | 登录号 | 条形码 | 馆藏地/架位号 | 状态 | 备注 |
| 1 | 1298828 | 212988285 | 第二样本阅览室/ [索取号:K237.109/139:2] | 在馆 | |
| 2 | 1298829 | 212988294 | 第二借阅区/ [索取号:K237.109/139:2] | 在馆 | |
| 3 | 1298830 | 212988301 | 第二借阅区/ [索取号:K237.109/139:2] | 在馆 | |
| 4 | 1298831 | 212988310 | 第二借阅区/ [索取号:K237.109/139:2] | 在馆 |